| 000 | 00328nam a22001217a 4500 | ||
|---|---|---|---|
| 020 | _a978 3540 309055 | ||
| 082 | _a621.312 136 SAT/WI | ||
| 100 | _aSathyajith Mathew | ||
| 245 | _aWind Energy : Fundamentals, Resource Analysis and Economics | ||
| 260 |
_aThe Netherlands _bSpringer - Verlag _c2006 |
||
| 300 | _a246 | ||
| 942 | _cBK | ||
| 999 |
_c13837 _d13837 |
||